00226nam a22000737a 4500008004100000082001600041245008600057300000900143230626b xxu||||| |||| 00| 0 eng d a333.33bLAW aReport of the Mission on Land Consolidation and Registration in Kenyab1965-1966 a192p